Estatuto orgánico (Record no. 8388)

MARC details
000 -LEADER
campo de control de longitud fija 00378nam a2200133Ia 4500
001 - NÚMERO DE CONTROL
campo de control 3499
008 - DATOS DE LONGITUD FIJA--INFORMACIÓN GENERAL
campo de control de longitud fija 241024s9999 xx 000 0 und d
082 ## - NÚMERO DE LA CLASIFICACIÓN DECIMAL DEWEY
Número de clasificación RD/378.04/IN59e/2008
100 ## - ENTRADA PRINCIPAL--NOMBRE DE PERSONA
Nombre de persona República Dominicana. Instituto de Formación Docente Salomé Ureña
245 #0 - MENCIÓN DEL TÍTULO
Título Estatuto orgánico
260 ## - PUBLICACIÓN, DISTRIBUCIÓN, ETC.
Nombre del editor, distribuidor, etc. Santo Domingo
Fecha de publicación, distribución, etc. 2008
901 ## - ELEMENTOS DE DATOS A LOCAL LDA (RLIN)
a 26/11/2013 9:30:01 a.m.

No items available.

© 2024. Todos los Derechos Reservados. Desarrollado por IDEICE